00297nam a2200121Ia 4500008004100000082001600041100002000057245003600077250000900113260003700122300000800159650000800167191201s1978 xx 000 0 und d a005.73bHOF aHOROWITZ, Ellis 0aFundamentals of Data Structures aRep. aN.DelhibGalgatia Pub. Pvtc1978 a564 aMCA